Statistics for Worcestershire County Quiz

Click here to take the quiz!

General Stats

  • This quiz has been taken 9 times
  • The average score is 12 of 15

Answer Stats

hintanswer% Correct
Main motorway, connecting Birmingham with BristolM5
100%
Main river flowing through itRiver Severn
100%
County townWorcester
100%
Neighbouring countiesHerefordshire
89%
Main range of hills{Malvern} Hills
89%
Neighbouring countiesShropshire
89%
Neighbouring countiesWarwickshire
89%
Most famous composer, writer of Enigma VariationsEdward Elgar
78%
Neighbouring countiesGloucestershire
78%
Neighbouring countiesStaffordshire
78%
Neighbouring countiesWest Midlands
78%
Original creators of Worcestershire Sauce{Lea} & {Perrins}
67%
Name either of the 2nd and 3rd largest towns{Redditch} or
{Kidderminster}
67%
Worcestershire's main cricket ground{New} Road
44%
County's highest point (425 m)Worcestershire {Beacon}
33%

Score Distribution

Percentile by Number Answered

Percent of People with Each Score

Your Score History

You have not taken this quiz